| 000 | 00898nam a2200229Ia 4500 | ||
|---|---|---|---|
| 001 | 18590 | ||
| 003 | GE_BSU | ||
| 008 | 181216s||||||||xx |||||||||||||| ||und|| | ||
| 020 | _a9789941130250 | ||
| 040 | _cGE_BSU | ||
| 080 | _a39(4)(075.8) | ||
| 100 | _aთოფჩიშვილი,როლანდ | ||
| 245 | _aევროპის ეთნოლოგია. ეთნიკური ისტორია, ეთნიკური კულტურა | ||
| 245 | _cრედ.ქ.ხუციშვილი. მ.ქურდია | ||
| 260 | _aთბილისი | ||
| 260 | _bთბილ. უნ-ტის გამ-ბა | ||
| 260 | _c2009 | ||
| 300 | _a360 გვ. | ||
| 541 | _h11ლ.40თ. | ||
| 653 | _aევროპის ეთნოლოგია. ეთნიკური ისტორია, ეთნიკური კულტურა | ||
| 942 | _cBK | ||
| 999 |
_c51599 _d51599 |
||